| 000 | 00773nam a22002055i 4500 | ||
|---|---|---|---|
| 001 | 171544 | ||
| 003 | ES-MaACL | ||
| 005 | 20230906214646.0 | ||
| 008 | 090519m19531955sp |||| | spa d | ||
| 080 | _a264.02(021) | ||
| 100 | 1 |
_aSolans, Joaquín. _9140230 |
|
| 245 | 1 | 0 |
_aManual litúrgico / _cpor D. Joaquín Solans ; profundamente renovado y enriquecido por... don José Vendrell. |
| 250 | _a13ª ed. adaptada a las nuevas disposiciones litúrgicas por el Dr. D. Antonino Tenas y D.Pedro Farnés. | ||
| 260 |
_aBarcelona : _bEugenio Subirana, _c1953-55. |
||
| 300 |
_a2 v. ; _c22 cm. |
||
| 700 | 1 |
_aVendrell, José. _9140231 |
|
| 700 | 1 |
_aTenas i Alibés, Antonino. _9140232 |
|
| 700 | 1 |
_aFarnés Scherer, Pedro. _9140233 |
|
| 852 |
_aES-MaACL _jC-9101-2 _9R.34286 |
||
| 999 |
_c171544 _d171544 |
||